| 000 | 00967nam0a22002531 4500 | ||
|---|---|---|---|
| 001 | rc\1096686 | ||
| 005 | 20250622144426.0 | ||
| 035 | _a(NLR Aleph) 006342807 | ||
| 090 |
_a4718680 _c4718680 |
||
| 100 | _a20041126d1983 |||y0rusy50 ca | ||
| 101 | 0 | _arus | |
| 102 | _aRU | ||
| 105 | _ay ||||||||| | ||
| 200 | 1 | _aСфера услуг в одиннадцатой пятилетке | |
| 210 |
_aАлма-Ата _cО-во "Знание" КазССР _d1983 |
||
| 215 |
_a22 с. _d20 |
||
| 300 | _aВ надзаг.: О-во "Знание" КазССР, Науч.-метод. совет по пропаганде техн.-экон. знаний по вопр. торговли и быт. обслуж. | ||
| 700 | 1 |
_aТемиргалиев _bБ.Б. _gБарак Базарбаевич |
|
| 701 | 1 |
_aШабаров _bМ.Ш. _gМайю Шабарович |
|
| 801 | 0 |
_aRU _bNLR _gpsbo |
|
| 801 | 1 |
_aRU _bELAR _2rusmarc |
|
| 852 |
_aNLR _j83-4/34160 |
||
| 942 | _cBOOK | ||
| 980 | _aNB | ||